Foreign exchange queues, informal traders, and a zero premium in the black market <a> Cape Verdean puzzle

Gespeichert in:
Bibliographische Detailangaben
1. Verfasser: Olters, Jean-Peter
Format: Buch
Sprache:Englisch
Veröffentlicht: Washington International Monetary Fund 1999
Schriftenreihe:IMF Working Paper WP/99/110
Schlagworte:
Tags: Tag hinzufügen
Keine Tags, Fügen Sie das erste Tag hinzu!

MARC

LEADER 00000nam a2200000 4500
001 c123723
005 20221221082426.6
041 0 |a eng 
044 |a US 
245 1 0 |a Foreign exchange queues, informal traders, and a zero premium in the black market  |b <a> Cape Verdean puzzle  |c Jean-Peter Olters 
264 1 |a Washington  |b International Monetary Fund  |c 1999 
300 |a 31 s. 
490 1 |a IMF Working Paper  |v WP/99/110 
830 0 |a IMF Working Paper  |v WP/99/110 
610 2 0 |a kurz menový 
610 2 0 |a obchodníci 
610 2 0 |a obchod čierny 
610 2 0 |a prémie 
610 2 0 |a trh menový 
100 1 |a Olters, Jean-Peter